000 00878nam a22002897a 4500
001 BR2017001032
003 BR-BrBNA
005 20230928105101.0
007 ta
008 230509b bl.||||| |||| 00| 0 por d
040 _aBR-BrBNA
_bpor
_cBiblioteca Nacional de Agricultura
041 _a(Por)
072 _aJ15
_b3575
_b0120
090 _ 3575 BR2017001032
100 1 _aRibeiro, B.G.
110 1 _aUniversidade Federal de Lavras, MG (Brasil)
_0Tese (Mestrado)
245 1 _aDanos mecânicos e tratamento químico na qualidade de sementes de milho armazenadas
260 3 _aLavras, MG (Brasil):
_c2016.
300 _a63 p.
500 _aSummaries (Eng, Por); Bibliography p. 56-63; 6 illus.; 12 tables
650 _aSEMENTE
650 _aMILHO
650 _aTRATAMENTO DE SEMENTE
650 _aFUSARIUM
909 _a202309
_bLucia
_c55
_dLucia Elande
942 _cBK
999 _c83329
_d83329